000 00356 a2200169 4500
001 175155
020 _a85-02-02951-7
040 _cMagnum
100 _aHaddad, Denise Akel
240 1 0 _aA arte de fazer arte
_lpor
245 1 0 _aA arte de fazer arte
300 _a141
362 0 _a1999
440 1 _aSaraiva
697 _aMISCELÂNEA
942 _cBK
999 _c175155
_d175155